[Event "4NCL Division 2c"]
[Site "Telford, ENG"]
[Date "2019.05.04"]
[Round "9.12"]
[White "Lund, D Brett"]
[Black "Payne, Matthew J"]
[Result "1-0"]
[WhiteElo "2257"]
[BlackElo "2275"]
[PlyCount "91"]
[EventDate "2019.05.04"]
[WhiteTeam "Spirit of Atticus A"]
[BlackTeam "Sussex Martlets 1"]

1. c4 Nf6 2. g3 g6 3. Bg2 Bg7 4. Nc3 O-O 5. e4 d6 6. Nge2 e5 7. O-O Nc6 8. d3
Nd4 9. Nxd4 exd4 10. Ne2 Nd7 11. b4 c5 12. Rb1 Nb6 13. bxc5 dxc5 14. Rb5 Bd7
15. Rxc5 Na4 16. Rd5 Nb6 17. Rxd4 Bxd4 18. Nxd4 Qe7 19. Bb2 Rfd8 20. Qe2 Na4
21. Ba1 Bc6 22. Nxc6 bxc6 23. e5 Rac8 24. d4 Nb6 25. f4 Qe6 26. Rc1 a5 27. Bf3
h5 28. Kg2 a4 29. Qc2 Ra8 30. Be4 a3 31. Bd3 Ra4 32. Kg1 Raa8 33. Rf1 Ra4 34.
c5 Rc4 35. Qb3 Rcxd4 36. Qxe6 fxe6 37. Bxd4 Rxd4 38. cxb6 Rxd3 39. Rb1 Rd8 40.
Kf2 Kf7 41. Ke3 Ke7 42. b7 Rb8 43. Kd4 Kd7 44. Kc5 Kc7 45. h3 Kd7 46. Rb6 1-0

[Event "4NCL Division 2c"]
[Site "Telford, ENG"]
[Date "2019.05.04"]
[Round "9.13"]
[White "Blake, J Morgan"]
[Black "House, Glenn L"]
[Result "1/2-1/2"]
[WhiteElo "2162"]
[BlackElo "2224"]
[PlyCount "110"]
[EventDate "2019.05.04"]
[WhiteTeam "Sussex Martlets 1"]
[BlackTeam "Spirit of Atticus A"]

1. e4 c5 2. Nf3 e6 3. b3 a6 4. Bb2 d6 5. Bd3 Nf6 6. O-O Be7 7. e5 dxe5 8. Nxe5
Nbd7 9. f4 O-O 10. Qf3 Qc7 11. Na3 b5 12. Rae1 Bb7 13. Qh3 h6 14. f5 c4 15.
Nxd7 Qxd7 16. bxc4 e5 17. Rxe5 Rfe8 18. cxb5 Bxa3 19. Rxe8+ Rxe8 20. Bxa3 Qd4+
21. Kh1 axb5 22. c3 Qd5 23. Bc1 Rd8 24. Bb1 Qc4 25. Kg1 b4 26. cxb4 Qxb4 27.
Qb3 Qc5+ 28. Qe3 Qc6 29. Qg3 Qb6+ 30. d4 Qxd4+ 31. Be3 Qc3 32. Bf4 Qd4+ 33. Be3
Qc3 34. Bf4 Qd4+ 35. Qf2 Qxf2+ 36. Kxf2 Rd4 37. Ke3 Ra4 38. Bd6 Bxg2 39. Rc1
Bd5 40. Rc8+ Kh7 41. a3 Rg4 42. Bc2 Rg2 43. a4 Bb7 44. Rc5 Ng4+ 45. Kd3 Nxh2
46. Bb3 Nf1 47. Bf4 Rf2 48. Bc1 Rf3+ 49. Kc4 Ng3 50. Rc7 Be4 51. Kb4 Nxf5 52.
Bxf7 Ne3 53. Bb3 Nd5+ 54. Bxd5 Bxd5 55. Rc3 Rxc3 1/2-1/2

[Event "4NCL Division 2c"]
[Site "Telford, ENG"]
[Date "2019.05.04"]
[Round "9.14"]
[White "Mitchell, Martin"]
[Black "Graham, David B"]
[Result "0-1"]
[WhiteElo "2227"]
[BlackElo "2146"]
[PlyCount "83"]
[EventDate "2019.05.04"]
[WhiteTeam "Spirit of Atticus A"]
[BlackTeam "Sussex Martlets 1"]

1. d4 Nf6 2. c4 g6 3. Nc3 Bg7 4. e4 d6 5. Be2 O-O 6. Be3 e5 7. d5 c6 8. g4 cxd5
9. cxd5 Qa5 10. Kf1 b5 11. g5 Ne8 12. Bxb5 f5 13. Bxe8 Rxe8 14. f3 Nd7 15. Kg2
Rb8 16. Rb1 Nb6 17. Qc1 Nc4 18. Nge2 f4 19. Bf2 h6 20. gxh6 Bxh6 21. h4 Rf8 22.
Nd1 Ba6 23. b3 Ne3+ 24. Bxe3 fxe3 25. Qb2 Rbc8 26. b4 Qd8 27. b5 Qf6 28. Rh3
Rb8 29. a4 Bc8 30. Rg3 Qxh4 31. Ndc3 Bf4 32. Rh1 Qf6 33. Rgh3 Qg5+ 34. Rg3 Bxg3
35. Nxg3 Bg4 36. Rf1 Bxf3+ 37. Rxf3 Rxf3 38. Kxf3 Rf8+ 39. Kg2 Rf2+ 40. Qxf2
exf2 41. Kxf2 Qf4+ 42. Kg2 0-1

[Event "4NCL Division 2c"]
[Site "Telford, ENG"]
[Date "2019.05.04"]
[Round "9.15"]
[White "Willson, Ollie"]
[Black "Carleton, John J"]
[Result "1/2-1/2"]
[WhiteElo "2155"]
[BlackElo "2265"]
[PlyCount "123"]
[EventDate "2019.05.04"]
[WhiteTeam "Sussex Martlets 1"]
[BlackTeam "Spirit of Atticus A"]

1. d4 Nf6 2. c4 e6 3. Nc3 d5 4. Nf3 Bb4 5. e3 O-O 6. Bd3 dxc4 7. Bxc4 Nc6 8.
O-O a6 9. a3 Bd6 10. e4 e5 11. d5 Ne7 12. h3 Ng6 13. Re1 h6 14. Be3 Nh5 15. Bf1
Nhf4 16. Kh2 f5 17. g3 Nh5 18. exf5 Bxf5 19. Nd2 Nf6 20. Nc4 e4 21. Nxd6 Qxd6
22. Bg2 Rae8 23. Qb3 b6 24. Red1 Ne5 25. Bf4 g5 26. Bxe5 Rxe5 27. Qc4 e3 28. f4
Re7 29. fxg5 hxg5 30. Qc6 Ng4+ 31. hxg4 Rh7+ 32. Bh3 Bxg4 33. Qxd6 cxd6 34. Rf1
Rxh3+ 35. Kg2 Re8 36. Rf6 Rh7 37. Rg6+ Kh8 38. Rxg5 Bh3+ 39. Kg1 Rh6 40. Re1
Bd7 41. Nd1 e2 42. Nc3 Bb5 43. Nxb5 axb5 44. Rg4 Rh5 45. Kf2 Ree5 46. Kf3 Rh7
47. Rh4 Rxh4 48. gxh4 Kg7 49. Rxe2 Rxd5 50. Re7+ Kf6 51. Rb7 b4 52. a4 Rd3+ 53.
Ke4 Rb3 54. Rxb6 Rxb2 55. Rxd6+ Ke7 56. Rb6 Rh2 57. Ke5 Rxh4 58. Rb7+ Kd8 59.
Kd6 Kc8 60. Rg7 Rh6+ 61. Kc5 b3 62. Rg2 1/2-1/2

[Event "4NCL Division 2c"]
[Site "Telford, ENG"]
[Date "2019.05.04"]
[Round "9.16"]
[White "Jackson, Sheila"]
[Black "Miller, Dominic"]
[Result "1-0"]
[WhiteElo "2051"]
[BlackElo "2177"]
[PlyCount "97"]
[EventDate "2019.05.04"]
[WhiteTeam "Spirit of Atticus A"]
[BlackTeam "Sussex Martlets 1"]

1. c4 Nf6 2. Nc3 g6 3. Nf3 d5 4. e3 Bg7 5. Qb3 e6 6. Qa3 a5 7. d4 c6 8. c5 Na6
9. Bd2 O-O 10. Na4 Nd7 11. Rc1 g5 12. h3 f5 13. Bd3 Rf7 14. Qb3 Bf6 15. a3 Qf8
16. Qc2 Nc7 17. Nb6 Nxb6 18. cxb6 Ne8 19. Ne5 Rg7 20. Bc3 Nd6 21. Qd2 a4 22.
Bb4 Be7 23. f3 Nf7 24. Bxe7 Qxe7 25. Qc3 Nxe5 26. dxe5 Bd7 27. Qc5 Qxc5 28.
Rxc5 Be8 29. Kd2 Bg6 30. h4 f4 31. Bf1 fxe3+ 32. Kxe3 Bb1 33. hxg5 Rxg5 34. Kd4
Rf8 35. Rh4 Rff5 36. f4 Rg7 37. Ra5 Be4 38. Rxa4 Bxg2 39. Ra8+ Rf8 40. Rxf8+
Kxf8 41. Bxg2 Rxg2 42. Rxh7 Rxb2 43. Rxb7 Rb5 44. a4 Rb4+ 45. Kc3 c5 46. a5 d4+
47. Kd3 Rb3+ 48. Kc4 Rc3+ 49. Kb5 1-0

[Event "4NCL Division 2c"]
[Site "Telford, ENG"]
[Date "2019.05.04"]
[Round "9.17"]
[White "Graham, Cassie"]
[Black "Ackley, Peter"]
[Result "1/2-1/2"]
[WhiteElo "2057"]
[BlackElo "2017"]
[PlyCount "50"]
[EventDate "2019.05.04"]
[WhiteTeam "Spirit of Atticus A"]
[BlackTeam "Sussex Martlets 1"]

1. e4 d6 2. d4 Nf6 3. Nc3 g6 4. g3 Bg7 5. Bg2 O-O 6. Nge2 Nbd7 7. O-O Rb8 8. h3
c5 9. Be3 b6 10. Rb1 cxd4 11. Bxd4 Bb7 12. Nd5 e6 13. Nxf6+ Nxf6 14. Nc3 e5 15.
Be3 a6 16. Qe2 b5 17. Bg5 h6 18. Bxf6 Bxf6 19. Rbd1 Kg7 20. Nd5 Bxd5 21. Rxd5
Qb6 22. Rfd1 Be7 23. h4 Rbc8 24. Bh3 Rc5 25. h5 Rxd5 1/2-1/2

[Event "4NCL Division 2c"]
[Site "Telford, ENG"]
[Date "2019.05.04"]
[Round "9.18"]
[White "Latham, David"]
[Black "Hamilton, Michael J"]
[Result "1-0"]
[WhiteElo "2080"]
[BlackElo "2005"]
[PlyCount "107"]
[EventDate "2019.05.04"]
[WhiteTeam "Spirit of Atticus A"]
[BlackTeam "Sussex Martlets 1"]

1. d4 e6 2. c4 b6 3. Nc3 Bb4 4. e4 Bb7 5. Bd3 f5 6. d5 fxe4 7. Bxe4 Qh4 8. Qe2
Nf6 9. Bf3 O-O 10. dxe6 Nc6 11. Be3 Nd4 12. Bxd4 Qxd4 13. Bxb7 Bxc3+ 14. Kf1
Rab8 15. Rd1 Qf4 16. bxc3 Rxb7 17. exd7 Rbb8 18. Qe6+ Kh8 19. g3 Qg4 20. Qxg4
Nxg4 21. Rd2 Ne3+ 22. Ke2 Nxc4 23. Rd4 b5 24. Nf3 c5 25. Rd5 Nb6 26. Rhd1 Nxd7
27. Rxd7 Rbe8+ 28. Kf1 Rxf3 29. Rd8 Rff8 30. Rxe8 Rxe8 31. Rd7 Rb8 32. Rxa7 h5
33. Rc7 c4 34. Rc5 g6 35. Rc7 Ra8 36. Rb7 Rxa2 37. Rxb5 Rc2 38. Rc5 Rxc3 39.
Rc7 Rc2 40. Kg2 Kg8 41. Kf3 Kf8 42. Ke3 Kg8 43. h4 Kf8 44. f3 Kg8 45. Kf4 Rc1
46. g4 hxg4 47. fxg4 Ra1 48. Kg5 Ra6 49. Rxc4 Rb6 50. Kh6 Ra6 51. Rf4 Rb6 52.
g5 Ra6 53. Rf6 Ra4 54. Rxg6+ 1-0

[Event "4NCL Division 2c"]
[Site "Telford, ENG"]
[Date "2019.05.04"]
[Round "9.21"]
[White "Wall, Gavin"]
[Black "Walker, Martin G"]
[Result "1-0"]
[WhiteElo "2312"]
[BlackElo "2166"]
[PlyCount "67"]
[EventDate "2019.05.04"]
[WhiteTeam "Gonzaga"]
[BlackTeam "Anglian Avengers"]

1. d4 Nf6 2. Bg5 e6 3. Nd2 d5 4. e4 dxe4 5. Nxe4 Be7 6. Bxf6 Bxf6 7. Nf3 O-O 8.
Qd2 b6 9. O-O-O Bb7 10. Qf4 Nd7 11. Ne5 Bxe4 12. Qxe4 c5 13. Bb5 Bg5+ 14. f4
Nf6 15. Qf3 Bh6 16. Bc6 Rc8 17. g4 Nd5 18. g5 Bxg5 19. fxg5 Qxg5+ 20. Kb1 cxd4
21. Qe4 Rfd8 22. Rxd4 Nf6 23. Rxd8+ Rxd8 24. Qe1 h6 25. a3 Qf4 26. h3 Nd5 27.
Rf1 Qe3 28. Qxe3 Nxe3 29. Rxf7 Rd1+ 30. Ka2 Nxc2 31. Rxa7 Re1 32. Ba4 Nb4+ 33.
axb4 Rxe5 34. Rb7 1-0

[Event "4NCL Division 2c"]
[Site "Telford, ENG"]
[Date "2019.05.04"]
[Round "9.22"]
[White "Lindner, Daniel"]
[Black "Delaney, Killian"]
[Result "1/2-1/2"]
[WhiteElo "2217"]
[BlackElo "2234"]
[PlyCount "54"]
[EventDate "2019.05.04"]
[WhiteTeam "Anglian Avengers"]
[BlackTeam "Gonzaga"]

1. c4 Nf6 2. g3 g6 3. Bg2 Bg7 4. Nc3 O-O 5. e4 d6 6. Nge2 c5 7. O-O Nc6 8. d3
a6 9. a4 Rb8 10. h4 Bd7 11. Be3 Ne8 12. d4 cxd4 13. Nxd4 Nc7 14. Nde2 b5 15.
axb5 axb5 16. c5 dxc5 17. Bxc5 Ne6 18. Be3 b4 19. Na4 Ne5 20. b3 Bb5 21. Qc2
Qd3 22. Qxd3 Bxd3 23. Ra2 Rfc8 24. f4 Nc6 25. e5 Bxe2 26. Rxe2 Ncd4 27. Rd2 Rc2
1/2-1/2

[Event "4NCL Division 2c"]
[Site "Telford, ENG"]
[Date "2019.05.04"]
[Round "9.23"]
[White "Jessel, Stephen"]
[Black "Talsma, Paul"]
[Result "1-0"]
[WhiteElo "2307"]
[BlackElo "2177"]
[PlyCount "85"]
[EventDate "2019.05.04"]
[WhiteTeam "Gonzaga"]
[BlackTeam "Anglian Avengers"]

1. Nf3 f5 2. g3 Nf6 3. Bg2 e6 4. O-O Be7 5. c4 O-O 6. b3 d6 7. d4 Ne4 8. Bb2
Bf6 9. Nc3 Nc6 10. Rc1 Nxc3 11. Bxc3 e5 12. dxe5 dxe5 13. Qd5+ Kh8 14. Qxd8
Rxd8 15. Rfd1 Re8 16. Ne1 Nd4 17. Kf1 Ne6 18. e3 Nc5 19. f4 exf4 20. exf4 Ne4
21. Bxf6 Nxf6 22. Nd3 Ne4 23. Ne5 Be6 24. Bxe4 fxe4 25. Kf2 Rad8 26. Ke3 Kg8
27. Kxe4 Bc8 28. c5 g6 29. Rxd8 Rxd8 30. Ke3 Bf5 31. Ke2 Rd5 32. b4 c6 33. a3
Kf8 34. Ke3 Ke7 35. Re1 Kf6 36. h4 h6 37. Rc1 g5 38. hxg5+ hxg5 39. Rh1 Kg7 40.
Rh5 Kf6 41. Rh6+ Kg7 42. Rh8 gxf4+ 43. gxf4 1-0

[Event "4NCL Division 2c"]
[Site "Telford, ENG"]
[Date "2019.05.04"]
[Round "9.24"]
[White "Cocks, Elliot"]
[Black "Thorarinsson, Pall A."]
[Result "0-1"]
[WhiteElo "2080"]
[BlackElo "2246"]
[PlyCount "72"]
[EventDate "2019.05.04"]
[WhiteTeam "Anglian Avengers"]
[BlackTeam "Gonzaga"]

1. d4 g6 2. e4 Bg7 3. Nc3 d6 4. Nf3 a6 5. a4 b6 6. Bc4 Nc6 7. O-O Nf6 8. h3 e6
9. Qe2 O-O 10. e5 Nd7 11. Bf4 d5 12. Bb3 Na5 13. Bg5 Qe8 14. Ba2 c5 15. Bf4 Nc6
16. Rad1 cxd4 17. Nxd4 Ncxe5 18. Rfe1 Bb7 19. Qd2 Rc8 20. Bh6 Bxh6 21. Qxh6 Qd8
22. f4 Nc4 23. Nf3 Qf6 24. Bxc4 Rxc4 25. Ne5 Nxe5 26. fxe5 Qf4 27. Qxf4 Rxf4
28. b3 Rc8 29. Ne2 Re4 30. Nd4 Kf8 31. Kf2 Ke7 32. Rd3 f6 33. exf6+ Kxf6 34.
Rxe4 dxe4 35. Rd2 Rc3 36. Re2 e5 0-1

[Event "4NCL Division 2c"]
[Site "Telford, ENG"]
[Date "2019.05.04"]
[Round "9.25"]
[White "McPhillips, Karl"]
[Black "Peck, Silas"]
[Result "0-1"]
[WhiteElo "2243"]
[BlackElo "2065"]
[PlyCount "94"]
[EventDate "2019.05.04"]
[WhiteTeam "Gonzaga"]
[BlackTeam "Anglian Avengers"]

1. d4 d5 2. c4 e6 3. Nf3 Nf6 4. Bg5 Be7 5. Nc3 O-O 6. e3 Nbd7 7. Rc1 c6 8. Bd3
dxc4 9. Bxc4 Nd5 10. Bxe7 Qxe7 11. O-O Nxc3 12. Rxc3 e5 13. Bb3 e4 14. Nd2 Nf6
15. Qb1 Bf5 16. Bc2 Bg6 17. b4 Nd5 18. Rc5 b6 19. Rxc6 Nxb4 20. Rc4 Rac8 21.
Rxb4 Rxc2 22. Qxc2 Qxb4 23. Rb1 Qe7 24. Qc6 Rd8 25. Nc4 f6 26. Nd2 Bf7 27. a4
Bd5 28. Qc2 Rd6 29. Qc8+ Rd8 30. Qc2 Rd6 31. Qc8+ Rd8 32. Qg4 Qc7 33. Qd1 Rc8
34. f3 Qc3 35. Qe2 Qc2 36. Kf2 exf3 37. gxf3 Qxa4 38. e4 Qxd4+ 39. Kg2 Rc2 40.
Rd1 Bc4 41. Qf2 Qd3 42. Kg3 h6 43. Qe1 Qe2 44. Nxc4 Qg2+ 45. Kh4 Qxf3 46. Rd8+
Kh7 47. Qg3 Rxh2+ 0-1

[Event "4NCL Division 2c"]
[Site "Telford, ENG"]
[Date "2019.05.04"]
[Round "9.26"]
[White "Sheerin, Alex"]
[Black "Murray, David"]
[Result "0-1"]
[WhiteElo "2027"]
[BlackElo "2152"]
[PlyCount "42"]
[EventDate "2019.05.04"]
[WhiteTeam "Anglian Avengers"]
[BlackTeam "Gonzaga"]

1. d4 Nf6 2. Bf4 c5 3. e3 Qb6 4. Nc3 d6 5. Bd3 g6 6. Nf3 Bg7 7. h4 Bg4 8. Qd2
Nbd7 9. d5 Nh5 10. O-O-O Qb4 11. a3 Qa5 12. Nb5 Qd8 13. Rde1 a6 14. Nxd6+ exd6
15. Nh2 Qb6 16. c3 Ndf6 17. e4 O-O-O 18. e5 Nxf4 19. Qxf4 dxe5 20. Qg5 h5 21.
Kb1 Rxd5 0-1

[Event "4NCL Division 2c"]
[Site "Telford, ENG"]
[Date "2019.05.04"]
[Round "9.27"]
[White "Carroll, Peter"]
[Black "Myall, Ivan J"]
[Result "1-0"]
[WhiteElo "2006"]
[BlackElo "2042"]
[PlyCount "49"]
[EventDate "2019.05.04"]
[WhiteTeam "Gonzaga"]
[BlackTeam "Anglian Avengers"]

1. e4 e5 2. Nf3 Nc6 3. d4 exd4 4. Nxd4 Nxd4 5. Qxd4 Ne7 6. Bc4 Nc6 7. Qd5 Qf6
8. O-O Ne5 9. Be2 c6 10. Qb3 Bc5 11. Be3 Bxe3 12. Qxe3 d6 13. f4 Ng6 14. Nc3
O-O 15. Rad1 b5 16. a4 b4 17. e5 Qe7 18. Ne4 dxe5 19. f5 Nf4 20. g3 Nd5 21.
Rxd5 cxd5 22. f6 gxf6 23. Nxf6+ Kh8 24. Qh6 Qc5+ 25. Kh1 1-0

[Event "4NCL Division 2c"]
[Site "Telford, ENG"]
[Date "2019.05.04"]
[Round "9.28"]
[White "Wallis, Ian J"]
[Black "McMorrow, John"]
[Result "1-0"]
[WhiteElo "2035"]
[BlackElo "2058"]
[PlyCount "61"]
[EventDate "2019.05.04"]
[WhiteTeam "Anglian Avengers"]
[BlackTeam "Gonzaga"]

1. e4 e5 2. Nf3 Nc6 3. Bc4 Bc5 4. O-O Nf6 5. d3 d6 6. c3 Bg4 7. Re1 a6 8. a4
O-O 9. h3 Bh5 10. Nbd2 Re8 11. Nf1 d5 12. exd5 Nxd5 13. Ng3 Bg6 14. a5 b5 15.
axb6 Nxb6 16. Bg5 Qc8 17. Qb3 Bd6 18. Nh4 Nxc4 19. Qxc4 Ne7 20. Bxe7 Rxe7 21.
Nxg6 hxg6 22. Ne4 Qb7 23. b4 Ree8 24. Ng5 c6 25. Qh4 Kf8 26. Qh8+ Ke7 27. Qxg7
Rf8 28. d4 Ke8 29. Nh7 Qe7 30. dxe5 Bc7 31. Rad1 1-0

[Event "4NCL Division 2c"]
[Site "Telford, ENG"]
[Date "2019.05.04"]
[Round "9.31"]
[White "French, Max"]
[Black "Harakis, Alexis M"]
[Result "1/2-1/2"]
[WhiteElo "2228"]
[BlackElo "2286"]
[PlyCount "138"]
[EventDate "2019.05.04"]
[WhiteTeam "Barbican 4NCL 2"]
[BlackTeam "KJCA Kings"]

1. d4 d5 2. c4 c6 3. cxd5 cxd5 4. Nc3 Nc6 5. Bf4 e5 6. dxe5 d4 7. Ne4 Bf5 8.
Nd6+ Bxd6 9. exd6 Qa5+ 10. Bd2 Qd5 11. Nf3 Nf6 12. g3 O-O 13. Bg2 Be4 14. O-O
Rad8 15. Qb3 Qxb3 16. axb3 Rxd6 17. Ne1 Re8 18. Bf4 Rd5 19. f3 Bg6 20. Kf2 Rb5
21. Ra3 Nd5 22. Bh3 Nxf4 23. gxf4 Re3 24. f5 Bxf5 25. Bxf5 Rxf5 26. Nc2 Re6 27.
Ra4 Rfe5 28. Re1 b5 29. Ra6 g5 30. h3 Kg7 31. Raa1 Rc5 32. Rac1 d3 33. Nd4 Nxd4
34. Rxc5 Nc2 35. e4 Nxe1 36. Kxe1 Kg6 37. Rd5 Kh5 38. Rxd3 Kh4 39. Rd5 h6 40.
Rxb5 Kxh3 41. Rf5 f6 42. Kf2 Rb6 43. b4 a6 44. b3 Kh4 45. b5 axb5 46. b4 h5 47.
e5 fxe5 48. Rxe5 Rf6 49. Kg2 Rd6 50. Rxb5 Rd2+ 51. Kg1 Rb2 52. Kf1 Ra2 53. Ra5
Rd2 54. Kg1 Rb2 55. Rc5 Rxb4 56. Kg2 Rb2+ 57. Kg1 Rb3 58. Kg2 Rb2+ 59. Kg1 g4
60. fxg4 hxg4 61. Rc3 Re2 62. Ra3 Kg5 63. Rb3 Re4 64. Kg2 Kf4 65. Rb2 Re3 66.
Rb4+ Kg5 67. Rb2 Kh4 68. Ra2 Rg3+ 69. Kh2 Rb3 1/2-1/2

[Event "4NCL Division 2c"]
[Site "Telford, ENG"]
[Date "2019.05.04"]
[Round "9.32"]
[White "Golding, James"]
[Black "O'Toole, George E"]
[Result "1/2-1/2"]
[WhiteElo "2137"]
[BlackElo "2256"]
[PlyCount "115"]
[EventDate "2019.05.04"]
[WhiteTeam "KJCA Kings"]
[BlackTeam "Barbican 4NCL 2"]

1. d4 d5 2. c4 e6 3. Nc3 Nf6 4. Bg5 Be7 5. Nf3 h6 6. Bh4 O-O 7. e3 a6 8. Rc1
Nbd7 9. cxd5 exd5 10. Bd3 c6 11. O-O Re8 12. Qc2 Ne4 13. Bg3 Nxg3 14. hxg3 Nf6
15. Rb1 Bd6 16. b4 Qe7 17. Qb2 Bxg3 18. a4 Bg4 19. b5 Bxf3 20. gxf3 axb5 21.
axb5 Bd6 22. Rfd1 Qe6 23. Kg2 c5 24. dxc5 Bxc5 25. Ne2 Ra4 26. Qc2 Rh4 27. Rh1
Rxh1 28. Rxh1 Bb6 29. Qa4 Qe5 30. Bb1 Qb2 31. Bd3 Nd7 32. Qc2 Qf6 33. Rh5 Ne5
34. Bh7+ Kh8 35. f4 Ng4 36. Bf5 g6 37. Bd7 gxh5 38. Bxe8 Qe7 39. Qc8 Qe4+ 40.
Kg3 Bxe3 41. Bxf7+ Kg7 42. Qg8+ Kf6 43. Bxd5 Bxf2+ 44. Kh3 Qd3+ 45. Kg2 Qxd5+
46. Qxd5 Ne3+ 47. Kxf2 Nxd5 48. Kf3 Ne7 49. Ng3 Nf5 50. Ne4+ Kg6 51. Nc5 Nd6
52. b6 Kf5 53. Nb3 Ke6 54. Kg3 Nf5+ 55. Kh3 Kd7 56. Na5 Kc8 57. Nc4 Kd7 58. Na5
1/2-1/2

[Event "4NCL Division 2c"]
[Site "Telford, ENG"]
[Date "2019.05.04"]
[Round "9.33"]
[White "Navarro Cia, Miguel"]
[Black "Jamroz, Krzysztof"]
[Result "1-0"]
[WhiteElo "2255"]
[BlackElo "2117"]
[PlyCount "49"]
[EventDate "2019.05.04"]
[WhiteTeam "Barbican 4NCL 2"]
[BlackTeam "KJCA Kings"]

1. e4 c5 2. Nf3 e6 3. d4 cxd4 4. Nxd4 a6 5. c4 Nf6 6. Nc3 Bb4 7. Qc2 Nc6 8.
Nxc6 dxc6 9. e5 Ng4 10. a3 Bxc3+ 11. Qxc3 O-O 12. h3 Qh4 13. g3 Qh5 14. Be2 f5
15. Be3 Rd8 16. Bb6 Rd7 17. Bf3 Qg6 18. hxg4 fxg4 19. Bg2 Rd3 20. Qc1 Rb3 21.
Be3 Qd3 22. Qb1 Qxc4 23. Qxh7+ Kf8 24. Rc1 Qb5 25. Bc5+ 1-0

[Event "4NCL Division 2c"]
[Site "Telford, ENG"]
[Date "2019.05.04"]
[Round "9.34"]
[White "Ratnesan, Ranesh"]
[Black "Brett, Andrew R"]
[Result "1/2-1/2"]
[WhiteElo "2116"]
[BlackElo "2114"]
[PlyCount "63"]
[EventDate "2019.05.04"]
[WhiteTeam "KJCA Kings"]
[BlackTeam "Barbican 4NCL 2"]

1. d4 Nf6 2. Nf3 d5 3. c4 e6 4. Nc3 c6 5. e3 Nbd7 6. Qc2 Bd6 7. b3 O-O 8. Bb2
e5 9. cxd5 cxd5 10. dxe5 Nxe5 11. Be2 a6 12. O-O Qc7 13. h3 Re8 14. Rac1 Qe7
15. Na4 Ned7 16. Bd4 Ba3 17. Bb2 Bd6 18. Bd4 Ba3 19. Rcd1 b5 20. Nc3 Bb7 21.
Qf5 Rad8 22. Bd3 Qe6 23. Bb1 g6 24. Qd3 Ne4 25. Ne2 Ndc5 26. Bxc5 Bxc5 27. Ned4
Qe7 28. Rc1 Rc8 29. Ne2 Bd6 30. Rxc8 Rxc8 31. Rd1 Rd8 32. Qd4 1/2-1/2

[Event "4NCL Division 2c"]
[Site "Telford, ENG"]
[Date "2019.05.04"]
[Round "9.35"]
[White "Russell, Christopher"]
[Black "Young, Daniel J"]
[Result "1/2-1/2"]
[WhiteElo "2178"]
[BlackElo "1981"]
[PlyCount "48"]
[EventDate "2019.05.04"]
[WhiteTeam "Barbican 4NCL 2"]
[BlackTeam "KJCA Kings"]

1. e4 c5 2. c3 Nf6 3. e5 Nd5 4. Nf3 Nc6 5. Na3 d6 6. exd6 Qxd6 7. d4 Bg4 8. Be2
e6 9. O-O Be7 10. Nb5 Qd8 11. c4 Nc7 12. d5 Nxb5 13. dxc6 Nd6 14. cxb7 Nxb7 15.
Qa4+ Kf8 16. Bf4 f6 17. Rad1 Qb6 18. Rd2 Kf7 19. Rfd1 Rhd8 20. h3 Bf5 21. Qa3
Rxd2 22. Rxd2 Rd8 23. Rxd8 Nxd8 24. Bc1 Nc6 1/2-1/2

[Event "4NCL Division 2c"]
[Site "Telford, ENG"]
[Date "2019.05.04"]
[Round "9.36"]
[White "Yoon, Jacob D"]
[Black "Leon Cazares, Gustavo"]
[Result "0-1"]
[WhiteElo "1971"]
[BlackElo "2082"]
[PlyCount "98"]
[EventDate "2019.05.04"]
[WhiteTeam "KJCA Kings"]
[BlackTeam "Barbican 4NCL 2"]

1. e4 c5 2. Nf3 d6 3. c3 Nf6 4. Be2 Nc6 5. d4 cxd4 6. cxd4 d5 7. exd5 Nxd5 8.
O-O g6 9. Nc3 Bg7 10. Qb3 Nxc3 11. bxc3 O-O 12. Bf4 b6 13. Rad1 Bb7 14. Qa3 Rc8
15. Rfe1 e6 16. Ba6 Qd7 17. Bxb7 Qxb7 18. h4 Na5 19. h5 Qc6 20. Qe7 Qd5 21.
hxg6 hxg6 22. Ne5 Nc6 23. Qh4 Nxe5 24. dxe5 Qc4 25. Re3 Rfe8 26. Rh3 Kf8 27.
Rd4 Qe2 28. Qg5 Rxc3 29. Rh7 Rc1+ 30. Kh2 Rc5 31. Rd7 Rxe5 32. Rxg7 Qh5+ 33.
Qxh5 Rxh5+ 34. Kg3 Kxg7 35. Rxa7 Rb5 36. a4 Rb3+ 37. f3 e5 38. Bd2 Re6 39. Ra8
e4 40. a5 e3 41. Be1 bxa5 42. Rxa5 Rc6 43. Ra2 Kf6 44. Re2 Kf5 45. Ba5 Rc5 46.
Bd8 Rd5 47. Be7 Rd2 48. Re1 Rbb2 49. Bc5 Rxg2+ 0-1

[Event "4NCL Division 2c"]
[Site "Telford, ENG"]
[Date "2019.05.04"]
[Round "9.37"]
[White "Makepeace, Philip J"]
[Black "Royal, Shreyas"]
[Result "1/2-1/2"]
[WhiteElo "2063"]
[BlackElo "1943"]
[PlyCount "55"]
[EventDate "2019.05.04"]
[WhiteTeam "Barbican 4NCL 2"]
[BlackTeam "KJCA Kings"]

1. d4 Nf6 2. Nf3 g6 3. g3 Bg7 4. Bg2 O-O 5. O-O d6 6. c4 Nbd7 7. Nc3 e5 8. e3
c6 9. Qc2 Re8 10. dxe5 dxe5 11. Rd1 Qc7 12. e4 Nf8 13. h3 Ne6 14. Be3 b6 15. b4
Ba6 16. Qb3 Rad8 17. b5 cxb5 18. cxb5 Bb7 19. Rac1 Qb8 20. Ng5 Nxg5 21. Bxg5 h6
22. Bxf6 Bxf6 23. Nd5 Bg7 24. Bf1 Bxd5 25. Rxd5 Rxd5 26. Qxd5 Rd8 27. Qc6 Bf8
28. Qc7 1/2-1/2

[Event "4NCL Division 2c"]
[Site "Telford, ENG"]
[Date "2019.05.04"]
[Round "9.38"]
[White "Jamroz, Viktor"]
[Black "Regan, Natasha K"]
[Result "0-1"]
[WhiteElo "1915"]
[BlackElo "1969"]
[PlyCount "49"]
[EventDate "2019.05.04"]
[WhiteTeam "KJCA Kings"]
[BlackTeam "Barbican 4NCL 2"]

1. e4 e5 2. Nf3 Nc6 3. Bb5 Nge7 4. c3 a6 5. Bxc6 Nxc6 6. d4 exd4 7. cxd4 d5 8.
exd5 Qxd5 9. O-O Bg4 10. Nc3 Qh5 11. Re1+ Be7 12. d5 Bxf3 13. gxf3 O-O-O 14.
Qe2 Bd6 15. f4 Qg6+ 16. Kh1 Nd4 17. Qe4 Nc2 18. f5 Qh5 19. Bf4 Bxf4 20. Qxf4 f6
21. Re7 Rd6 22. Rc1 Kd8 23. Re6 Rxe6 24. dxe6 Qh3 25. Nd5 0-1

[Event "4NCL Division 2c"]
[Site "Telford, ENG"]
[Date "2019.05.04"]
[Round "9.41"]
[White "Bisby, Daniel L"]
[Black "Akshat, Khamparia"]
[Result "1-0"]
[WhiteElo "2342"]
[BlackElo "2415"]
[PlyCount "71"]
[EventDate "2019.05.04"]
[WhiteTeam "Cambridge University 1"]
[BlackTeam "Barnet Knights 1"]

1. e4 c5 2. Nf3 d6 3. d4 cxd4 4. Nxd4 Nf6 5. Nc3 a6 6. Be3 e6 7. Be2 b5 8. Bf3
b4 9. Na4 Bb7 10. O-O Nbd7 11. c3 bxc3 12. Nxc3 Ne5 13. Be2 Nxe4 14. Nxe4 Bxe4
15. f4 Nd7 16. Qa4 d5 17. f5 Bc5 18. fxe6 fxe6 19. Rac1 Qb6 20. Rf7 Kxf7 21.
Qxd7+ Kg8 22. Rxc5 Qxc5 23. Nf5 Qf8 24. Ne7+ Kf7 25. Nxd5+ Kg8 26. Ne7+ Kf7 27.
Bh5+ Kf6 28. Qd4+ Kxe7 29. Bg5+ Qf6 30. Bxf6+ gxf6 31. Qxe4 f5 32. Qb7+ Kf6 33.
Qf7+ Ke5 34. Qg7+ Kd6 35. Bf3 Rac8 36. Qd4+ 1-0

[Event "4NCL Division 2c"]
[Site "Telford, ENG"]
[Date "2019.05.04"]
[Round "9.42"]
[White "Smith, Andrew Philip"]
[Black "McClement, Andrew"]
[Result "0-1"]
[WhiteElo "2207"]
[BlackElo "2241"]
[PlyCount "86"]
[EventDate "2019.05.04"]
[WhiteTeam "Barnet Knights 1"]
[BlackTeam "Cambridge University 1"]

1. e4 c5 2. Nf3 d6 3. d4 cxd4 4. Nxd4 Nf6 5. Nc3 e6 6. g4 h6 7. Rg1 Nc6 8. Be3
a6 9. h4 h5 10. gxh5 Rxh5 11. Bg5 Qb6 12. Nxc6 bxc6 13. Bxf6 gxf6 14. Qxh5 Qxb2
15. Rb1 Qxc3+ 16. Kd1 Qd4+ 17. Bd3 Qxf2 18. Rg8 Ke7 19. Rb3 Qf4 20. Qg4 Qe3 21.
Qg3 Qd4 22. c3 Qa4 23. Bc2 Qc4 24. Rxf8 Kxf8 25. Qxd6+ Kg7 26. Bd3 Qa4 27. Kc1
Qxa2 28. Rb2 Qa1+ 29. Bb1 e5 30. Qxc6 Qa3 31. Kc2 Bg4 32. Qxa8 Qa4+ 33. Kd3
Qd1+ 34. Kc4 Qa4+ 35. Rb4 Be2+ 36. Kc5 Qa3 37. Kb6 Qxc3 38. Ra4 Qb3+ 39. Ka7
Qxa4 40. Qb7 Qd4+ 41. Kb8 a5 42. Ba2 Qb4 43. Ka7 Qxb7+ 0-1

[Event "4NCL Division 2c"]
[Site "Telford, ENG"]
[Date "2019.05.04"]
[Round "9.43"]
[White "Hill, Alistair"]
[Black "Villiers, Thomas"]
[Result "1-0"]
[WhiteElo "2199"]
[BlackElo "2245"]
[PlyCount "63"]
[EventDate "2019.05.04"]
[WhiteTeam "Cambridge University 1"]
[BlackTeam "Barnet Knights 1"]

1. e4 g6 2. d4 Bg7 3. Nc3 d6 4. f4 Nf6 5. Nf3 O-O 6. Be3 c6 7. Bd3 b5 8. Qd2 b4
9. Ne2 a5 10. a3 Na6 11. c4 c5 12. d5 Ng4 13. Rb1 Bd7 14. O-O Rb8 15. h3 Nxe3
16. Qxe3 Qc7 17. f5 bxa3 18. bxa3 Rxb1 19. Bxb1 Qb6 20. Qg5 Bf6 21. Qh6 Qb2 22.
fxg6 hxg6 23. Nf4 Bg7 24. Qh4 Bf6 25. Qh6 Qxa3 26. Nh5 Qc3 27. e5 dxe5 28. Be4
Nb4 29. Kh2 Rb8 30. Ng5 Be8 31. Nxf6+ exf6 32. Qh7+ 1-0